LEADER 00749nam0-22002771i-450- 001 990001157300403321 035 $a000115730 035 $aFED01000115730 035 $a(Aleph)000115730FED01 035 $a000115730 100 $a20000920d1979----km-y0itay50------ba 101 1$aeng 200 1 $aCommutative algebra$fby Zariski and Samuel 210 $aNew York [etc.]$cSpringer-Verlag$d1979 225 1 $aGraduate texts in mathematics$v28 300 $aVol. I 700 1$aZariski,$bOscar$042025 702 1$aSamuel,$bPierre 801 0$aIT$bUNINA$gRICA$2UNIMARC 901 $aBK 912 $a990001157300403321 952 $aC-12-(28$b21179$fMA1 959 $aMA1 996 $aCommutative algebra$9346903 997 $aUNINA DB $aING01 LEADER 00772nam0-22003011--450- 001 990008210920403321 005 20051024103702.0 010 $a0198253044 035 $a000821092 035 $aFED01000821092 035 $a(Aleph)000821092FED01 035 $a000821092 100 $a20051024d1971----km-y0itay50------ba 101 0 $aeng 102 $aGB 105 $ay---n---001yy 200 1 $a<>British ombudsman$f[by] Frank Stacey 210 $aOxford$cClarendon Press$d1971 215 $a351 p.$d23 cm 676 $a328.42 700 1$aStacey,$bFrank A.$050713 801 0$aIT$bUNINA$gRICA$2UNIMARC 901 $aBK 912 $a990008210920403321 952 $aVI G 419$b4587$fDDA 959 $aDDA 996 $aBritish ombudsman$9739791 997 $aUNINA